Statistics for clone names (all)

Click here to take the quiz!

General Stats

  • This quiz has been taken 18 times
  • The average score is 7 of 13

Answer Stats

HintAnswer% Correct
clone maintenence99
88%
arc commanderblitz
75%
part of wolfpackboost
75%
clone commander of the 501st legionappo
63%
blue leader (clone pilot)axe
63%
clone commander of the 21st nova corpsbacara
63%
stealth operations commanderblackout
63%
clone commander of the 327th star corpsbly
50%
shadow sqaudron (clone pilot)broadside
50%
lieutenant clone pilotace
38%
clone paratrooper sergeantbarlex
38%
ghost companyboil
38%
served in the 41st elite corpsbuzz
38%

Score Distribution

Percentile by Number Answered

Percent of People with Each Score

Your Score History

You have not taken this quiz